Aramızdan ayrılışının 50. yıldönümünde İsmail Hakkı Tonguç ve okul öncesinden yüksek öğretime eğitim sorunları, çözüm önerileri (Record no. 5860)

MARC details
000 -BAŞLIK
Sabit Uzunlukta Kontrol Alanı 01242na a2200289 4500
001 - KONTROL NUMARASI
Denetim Alanı 19471
003 - KONTROL NUMARASI IDENTIFIER
Denetim Alanı MIRAKIL
005 - SON İŞLEM TARİHİ VE ZAMANI
Denetim Alanı 20181213155049.0
008 - SABİT-BOY VERİ ELEMANLARI - GENEL BİLGİLER
Sabit Uzunlukta Kontrol Alanı 161216b tu 000 0
020 ## - ULUSLARARASI STANDART KİTAP NUMARASI
Uluslararası Standart Kitap Numarası 9786056066344
035 ## - SİSTEM KONTROL NUMARASI
Sistem Kontrol Numarası 19471
040 ## - KATALOGLAMA KAYNAK
Orijinal Kataloglama Ajansı Milas
Kataloglama Dili tur
Metne Dönüştürmek Ajansı TR-AnCHP
041 ## - DİL KODU
Metin / Ses Parça Veya Ayrı Başlığın Dil Kodu tur
082 ## - DEWEY ONLU SINIFLANDIRMA NUMARASI
Sınıflandırma Numarası 923.7 Tonguç,İ.H.
Ürün Numarası A62 2010
090 ## - SINIFLAMA NUMARASI
Sınıflama Numarası 923.7 Tonguç,İ.H. A62 2010
111 ## - ANA GİRİŞ - TOPLANTI ADI
Giriş Elemanı Olarak Toplantı Adı Veya Yargı Alanı Adı Aramızdan Ayrılışının 50. Yıldönümünde İsmail Hakkı Tonguç ve Okul Öncesinden Yüksek Öğretime Eğitim Sorunları, Çözüm Önerileri
Toplantının Yeri İzmir
Toplantı Veya Antlaşma İmzalandığı Tarihi 2010
245 ## - BAŞLIK TABLOSU
Başlık Aramızdan ayrılışının 50. yıldönümünde İsmail Hakkı Tonguç ve okul öncesinden yüksek öğretime eğitim sorunları, çözüm önerileri
Başlığın Kalan Sempozyum bildirileri, 20-22 Mayıs 2010, İzmir
Sorumluluk Tablosu, Vb Yayına hazırlayan Kemal Kocabaş
246 ## - UNVAN FORM VARYING
Başlık Doğru / Kısa Başlığı Sempozyum bildirileri
260 ## - YAYIN, DAĞITIM, VB
Yayın, Dağıtım, Vb Yeri İzmir
Yayıncı, Dağıtıcı, Vs Adı Yeni Kuşak Köy Enstitülüler Derneği Yayınları
Yayın, Dağıtım, Vb Tarihi 2010
300 ## - FİZİKSEL TANIM
Kapsam 693 s.
Diğer Fiziksel Ayrıntıları res.
Boyutlar 24 sm.
504 ## - KAYNAKÇA VB NOT
Kaynakça Vb Notu Kaynakça var.
600 ## - KONU KATMA GİRİŞ - KURUMSAL ADI
Kişisel Ad Tonguç, İsmail Hakkı
Bir Adıyla İlişkilendirilen Tarihler 1893-1960
Genel Alt Bölümü Toplantılar
650 ## - KONU KATMA GİRİŞ - TOPİKAL DÖNEM
Topikal Süreli Veya Coğrafi Ad Giriş Elemanı Köy enstitüleri
Genel Alt Bölümü Tarih
Kronolojik Alt Bölümü Kurucular
650 ## - KONU KATMA GİRİŞ - TOPİKAL DÖNEM
Topikal Süreli Veya Coğrafi Ad Giriş Elemanı Eğitim
Genel Alt Bölümü Sorunlar ve çözüm önerileri
Kronolojik Alt Bölümü Toplantılar
700 ## - KATMA GİRİŞ - KİŞİSEL İSİM
Kişisel Ad Kocabaş, Kemal
942 ## - EKLENDİ GİRİŞ ELEMANLARI (KOHA)
Sınıflandırma Veya Raf Düzeni Kaynak Dewey Decimal Classification
Koha Öğesi Türü Books
999 ## - SİSTEM KONTROL NUMARALARI (KOHA)
Koha Biblionumber 5860
Koha Biblioitemnumber 5860
Holdings
Kalıcı Konum Mevcut Konum Edinme Tarihi Edinim Kaynak Toplam Check-Out'Lar Tam Çağrı Numarası Barkod Tarih Son Görülme İtibaren Geçerli Fiyatlar Koha Öğesi Türü Kopya Sayısı
CHP Kütüphanesi CHP Kütüphanesi 12/16/2016 Bağış   923.7 Tonguç,İ.H. A62 2010 011606 12/16/2016 12/16/2016 Books k.2
Parti Okulu Kütüphanesi Parti Okulu Kütüphanesi 12/15/2016 Bağış   923.7 Tonguç,İ.H. A62 2010 P00636 12/15/2016 12/15/2016 Books